Khung pháp lý của VN trong việc điều chỉnh hoạt động của các tổ chức phi chính phủ /

Tong quan ve cac ngo va quan he giũa VN va cac Ngo

Gorde:
Xehetasun bibliografikoak
Egile nagusia: Lê Hoàng Hạnh
Formatua: Luận văn
Hizkuntza:Vietnamese
Argitaratua: ĐHĐN- Trương ĐH ngoai ngữ, 2013.
Gaiak:
Etiketak: Etiketa erantsi
Etiketarik gabe, Izan zaitez lehena erregistro honi etiketa jartzen!
Thư viện lưu trữ: Mạng thư viện Đại học Đà Nẵng
LEADER 01625na a2200385 4500
001 000031284
003 5923
005 20230402095755.0
008 151001s2013 000 vie
040 |a LNN 
041 |a vie 
082 |a 959.733  |b LÊ-H 
100 |a Lê Hoàng Hạnh 
245 0 |a Khung pháp lý của VN trong việc điều chỉnh hoạt động của các tổ chức phi chính phủ /  |c Lê Hoàng Hạnh. 
246 |a Luan văn tot nghiep 
260 |b ĐHĐN- Trương ĐH ngoai ngữ,  |c 2013. 
300 |a 30cm :  |b 83 tr;. 
502 |a Luan văn sinh vien 
505 |a Chuyen nghanh Quoc te hoc 
520 |a Tong quan ve cac ngo va quan he giũa VN va cac Ngo  |x Nhung qui đinh cua phap VN ve viec dieu chinh hoat dong cua cac Ngo  |y Thưc tien hoat dong cua cac Ngo va  |z Mot so giai phap nham nang cao hieu qua hoat đong cua cac Ngo tai VN 
650 |a Phap ly Viet nam  |b to chuc phi chinh phu 
653 |a Lê Hoàng Hạnh, 2013, phpa lý, pháp luật, phi chính phủ 
852 |b Luận văn sinh viên  |c Quoc te hoc 
OWN |a LNN 
AVA |a UDN50  |b LNN  |d 959.733 LÊ-H  |e available  |t Error 5001 Not defined in file expand_doc_bib_avail.  |f 2  |g 0  |h N  |i 0 
999 |a From the UDN01 
AVA |a UDN50  |b LNN  |d 959.733 LÊ-H  |e available  |t Error 5001 Not defined in file expand_doc_bib_avail.  |f 2  |g 0  |h N  |i 0 
TYP |a Dissertation 
TYP |a Printed language 
980 |a Mạng thư viện Đại học Đà Nẵng